Quizz sur le PSG #2 - Statistiques

Statistiques générales
  • Ce quiz a été pris 54 fois
  • Le résultat moyen est 4 sur 10
Statistiques - réponses
Hint Réponse % Correct
Meilleur buteur (256 buts) Kylian Mbappe
96%
Transfert le plus cher du l'histoire du PSG Neymar
96%
Joueur ayant joué le plus de match au Psg (517 matchs) Marquinhos
83%
Entraineur actuel Luis Enrique
73%
Le plus gros sponsor d club Nike
40%
Ville où se situe le stade d'entraînement Saint Germain en Laye
23%
Date de création 12 août 1970
19%
Nombres de nationalités différentes depuis le début du club 48
13%
Le premier président du club Pierre-Etienne Guyot
2%
Nombres de joueurs depuis la création 514
0%
Aucun quiz correspondant
Distribution des résultats
% des personnes avec chaque résultat
Percentile par nombre de réponses
Votre historique - résultats
Vous n’avez pas pris ce quiz